000 00390cam a2200157ua 4500
041 _aeng
_h
082 _a523.1
_bSCH/EX
100 _aSchrodinger, E .
245 _aExpanding universes /
_cE Schrodinger.
_hTextual Documents
250 _a1 /
_b.
260 _aCambridge :
_bCambridge University Press ,
_c1957.
300 _a93 ; .
504 _a
942 _cBK
999 _c8575
_d8575